[Event "NAYCC U12"]
[Site "Windsor CAN"]
[Date "2016.08.08"]
[Round "3.111"]
[White "Bhanji, Areez"]
[Black "Asemota, Eghosa"]
[Result "1-0"]
[WhiteElo "1135"]
[BlackElo "803"]
[PlyCount "107"]
[EventDate "2016.08.07"]
[EventType "swiss"]
[EventRounds "9"]
[EventCountry "CAN"]

1. e4 c5 2. Nc3 d6 3. f4 e5 4. d3 exf4 5. Bxf4 Nc6 6. Nf3 Bg4 7. h3 Bxf3 8.
Qxf3 Nf6 9. Bg5 Nd4 10. Qd1 Be7 11. Ne2 h6 12. Nxd4 cxd4 13. Bh4 O-O 14. Qd2
Nh5 15. Bf2 Bh4 16. Bxh4 Qxh4+ 17. Qf2 Qxf2+ 18. Kxf2 Rad8 19. Be2 Nf4 20. Rhf1
Nxe2 21. Kxe2 d5 22. Rad1 dxe4 23. dxe4 Rfe8 24. Kf3 g5 25. Rfe1 f5 26. exf5
Rxe1 27. Rxe1 d3 28. cxd3 Rxd3+ 29. Re3 Rxe3+ 30. Kxe3 Kf7 31. Ke4 a5 32. Ke5
b5 33. g3 h5 34. f6 a4 35. Kf5 g4 36. hxg4 hxg4 37. Kg5 b4 38. b3 axb3 39. axb3
Kf8 40. Kxg4 Kf7 41. Kf5 Kf8 42. Kg6 Kg8 43. f7+ Kf8 44. g4 Ke7 45. Kg7 Kd6 46.
f8=Q+ Kd5 47. Qxb4 Ke5 48. Qc4 Kd6 49. Kg6 Kd7 50. Kf5 Ke7 51. Qc6 Kd8 52. Qb7
Ke8 53. Ke6 Kf8 54. Qf7# 1-0

[Event "NAYCC U12"]
[Site "Windsor CAN"]
[Date "2016.08.08"]
[Round "3.112"]
[White "Zaid, Daniyal"]
[Black "Damarla, Rishi"]
[Result "0-1"]
[WhiteElo "714"]
[BlackElo "1065"]
[PlyCount "92"]
[EventDate "2016.08.07"]
[EventType "swiss"]
[EventRounds "9"]
[EventCountry "CAN"]

1. e4 e5 2. Nf3 Nc6 3. Bb5 d6 4. Nc3 Nf6 5. O-O Be7 6. d3 h6 7. d4 exd4 8. Nxd4
Bd7 9. Nd5 Nxe4 10. Qf3 Nxd4 11. Bxd7+ Qxd7 12. Qxe4 Ne6 13. Re1 O-O 14. Nxe7+
Qxe7 15. Qxb7 Qd7 16. Be3 Rfb8 17. Qf3 Re8 18. Qg3 Kh8 19. Rad1 Qe7 20. Bd4 Qf8
21. Bc3 Re7 22. Re4 Rae8 23. Rd5 f6 24. h3 Nc5 25. Rxe7 Rxe7 26. Bd4 Re1+ 27.
Kh2 Rd1 28. Qg4 Qf7 29. Qc8+ Kh7 30. Qf5+ g6 31. Qxf6 Qxf6 32. Bxf6 Rxd5 33. g4
Ne4 34. Bd8 Nxf2 35. Bxc7 Rd2 36. c4 Rxb2 37. Bxd6 Rxa2 38. Bc5 Ne4+ 39. Kh1
Nxc5 40. h4 Nd3 41. c5 Rc2 42. g5 a5 43. gxh6 a4 44. h5 a3 45. hxg6+ Kxg6 46.
h7 Kxh7 0-1

[Event "NAYCC U12"]
[Site "Windsor CAN"]
[Date "2016.08.09"]
[Round "4.84"]
[White "Wang, Wesley"]
[Black "Zhou, Aiden"]
[Result "1-0"]
[WhiteElo "2131"]
[BlackElo "1777"]
[PlyCount "95"]
[EventDate "2016.08.07"]
[EventType "swiss"]
[EventRounds "9"]
[EventCountry "CAN"]

1. e4 c5 2. Nf3 d6 3. d4 Nf6 4. Nc3 cxd4 5. Nxd4 Nc6 6. Bg5 Bd7 7. f3 Rc8 8.
Nxc6 Bxc6 9. Qd2 e6 10. O-O-O a6 11. Ne2 h6 12. Be3 d5 13. e5 Nd7 14. f4 Nc5
15. Ng3 h5 16. h4 g6 17. Be2 Bb5 18. Bxb5+ axb5 19. Bxc5 Bxc5 20. Ne2 Qb6 21.
Kb1 Ra8 22. Qd3 Qa5 23. Qb3 Qa4 24. Rh3 b4 25. Nd4 Ra6 26. c3 O-O 27. cxb4 Qxb3
28. Rxb3 Bxd4 29. Rxd4 Rc6 30. Rc3 Rxc3 31. bxc3 b5 32. a4 bxa4 33. Kb2 Ra8 34.
Ka3 Rb8 35. Kxa4 Kf8 36. c4 Ra8+ 37. Kb3 Rd8 38. c5 Ke7 39. b5 Kd7 40. Ra4 Rb8
41. Ra7+ Kc8 42. b6 Rb7 43. Rxb7 Kxb7 44. Kb4 Kc6 45. g3 Kd7 46. Kb5 Kc8 47. c6
d4 48. Kc4 1-0

[Event "NAYCC U12"]
[Site "Windsor CAN"]
[Date "2016.08.09"]
[Round "4.85"]
[White "Zhong, Wenxuan"]
[Black "Hung, Daniel"]
[Result "0-1"]
[WhiteElo "1758"]
[BlackElo "1812"]
[PlyCount "74"]
[EventDate "2016.08.07"]
[EventType "swiss"]
[EventRounds "9"]
[EventCountry "CAN"]

1. e4 e6 2. Nf3 d5 3. e5 c5 4. b4 c4 5. c3 a5 6. bxa5 Qxa5 7. d4 cxd3 8. Bxd3
Bd7 9. Qe2 Nc6 10. O-O Qc7 11. Re1 Bc5 12. Be3 b6 13. Bxc5 bxc5 14. a4 c4 15.
Bc2 Nge7 16. Na3 Na7 17. Nd4 Qa5 18. Qg4 Qxc3 19. Rec1 h5 20. Qd1 Nec6 21. Nab5
Nxb5 22. axb5 Rxa1 23. Rxa1 Nxd4 24. Ra8+ Ke7 25. Rxh8 Nxc2 26. b6 Bc6 27. Rc8
Nd4 28. b7 Bxb7 29. Rc7+ Kf8 30. Rxb7 Nc6 31. g3 g6 32. f4 Qe3+ 33. Kf1 Nd4 34.
Kg2 c3 35. Rc7 Qd2+ 36. Qxd2 cxd2 37. Rc8+ Kg7 0-1

[Event "NAYCC U12"]
[Site "Windsor CAN"]
[Date "2016.08.09"]
[Round "4.87"]
[White "Idnani, Roshan"]
[Black "Shen, Christopher"]
[Result "0-1"]
[WhiteElo "1860"]
[BlackElo "2161"]
[PlyCount "84"]
[EventDate "2016.08.07"]
[EventType "swiss"]
[EventRounds "9"]
[EventCountry "CAN"]

1. Nf3 Nf6 2. g3 g6 3. Bg2 Bg7 4. O-O O-O 5. c4 d6 6. d4 Nbd7 7. Nc3 e5 8. e4
c6 9. h3 exd4 10. Nxd4 Re8 11. Re1 Qb6 12. Nc2 Nc5 13. Rb1 a5 14. Be3 Qc7 15.
Bf4 Bf8 16. Qd4 Nfd7 17. Rbd1 Ne6 18. Qd2 Nxf4 19. Qxf4 Ne5 20. b3 Bg7 21. Qd2
Bxh3 22. Qxd6 Qxd6 23. Rxd6 Bxg2 24. Kxg2 Nxc4 25. bxc4 Bxc3 26. Re3 Bg7 27.
Rd7 Rab8 28. Kf3 Red8 29. Red3 Rxd7 30. Rxd7 Kf8 31. Ne3 Ke8 32. Rd3 b6 33. Ke2
Ke7 34. Kd2 Rd8 35. Rxd8 Kxd8 36. Kc2 Bd4 37. Nd1 Kd7 38. f3 Kd6 39. Kd3 Kc5
40. g4 g5 41. a3 f6 42. Kc2 Kxc4 0-1

[Event "NAYCC U12"]
[Site "Windsor CAN"]
[Date "2016.08.09"]
[Round "4.88"]
[White "Huang, Patrick"]
[Black "Grabinsky, Joshua"]
[Result "1-0"]
[WhiteElo "1973"]
[BlackElo "1704"]
[PlyCount "107"]
[EventDate "2016.08.07"]
[EventType "swiss"]
[EventRounds "9"]
[EventCountry "CAN"]

1. e4 e6 2. Qe2 c5 3. f4 Nf6 4. Nf3 b6 5. d3 d5 6. g3 Bb7 7. Nbd2 dxe4 8. Nxe4
Nxe4 9. dxe4 Ba6 10. Qf2 Bxf1 11. Kxf1 Nd7 12. Kg2 Be7 13. Rd1 Qc7 14. b3 O-O-O
15. Bb2 f6 16. Qe2 h5 17. Nh4 Nf8 18. Qa6+ Kb8 19. Rxd8+ Bxd8 20. Rd1 Rg8 21.
Qb5 Kc8 22. Qe8 Rh8 23. e5 Qe7 24. Qc6+ Bc7 25. Ng6 Nxg6 26. exf6 Qe8 27. Qa8+
Bb8 28. fxg7 Rg8 29. Bf6 Nxf4+ 30. gxf4 Qg6+ 31. Bg5 Qxc2+ 32. Kg3 Qxd1 33.
Qc6+ Bc7 34. Qxe6+ Kb7 35. Qxg8 Bxf4+ 36. Kxf4 Qg4+ 37. Ke5 Qxg5+ 38. Ke6 Qg6+
39. Ke7 Qg5+ 40. Ke8 Qe5+ 41. Kf8 Qd6+ 42. Ke8 Qe5+ 43. Kd7 Qd4+ 44. Ke6 Qe3+
45. Kf6 Qf4+ 46. Kg6 Qe4+ 47. Kh6 Qf4+ 48. Kh7 Qf5+ 49. Kh8 Qf6 50. Qd5+ Ka6
51. Kh7 Qe7 52. Qd3+ Kb7 53. Qf5 Ka6 54. Kh8 1-0

[Event "NAYCC U12"]
[Site "Windsor CAN"]
[Date "2016.08.09"]
[Round "4.89"]
[White "Lin, Benjamin"]
[Black "Huang, Qiuyu"]
[Result "1/2-1/2"]
[WhiteElo "1716"]
[BlackElo "1972"]
[PlyCount "85"]
[EventDate "2016.08.07"]
[EventType "swiss"]
[EventRounds "9"]
[EventCountry "CAN"]

1. d4 d5 2. c4 e6 3. Nf3 Nf6 4. e3 c6 5. Qc2 Nbd7 6. Bd3 Be7 7. O-O O-O 8. Nbd2
dxc4 9. Nxc4 c5 10. Nce5 h6 11. Nxd7 Bxd7 12. dxc5 Rc8 13. b4 b6 14. Bb2 bxc5
15. Ba6 Rb8 16. bxc5 Qa5 17. Bd3 Rfc8 18. Qc3 Qxc5 19. Qxc5 Bxc5 20. Be5 Rb6
21. Rab1 Nd5 22. Rxb6 Bxb6 23. Nd4 Nb4 24. Bb1 f6 25. Bd6 Nd5 26. Nb3 Kf7 27.
h3 Bb5 28. Re1 Nc3 29. Bb4 Nxb1 30. Rxb1 e5 31. Rc1 Rxc1+ 32. Nxc1 a5 33. Ba3
Bc4 34. Kh2 a4 35. Kg3 Ke6 36. e4 g6 37. Kf3 f5 38. exf5+ gxf5 39. g4 Bd4 40.
Bf8 Bb2 41. gxf5+ Kxf5 42. Bxh6 Bd4 43. Bd2 1/2-1/2

[Event "NAYCC U12"]
[Site "Windsor CAN"]
[Date "2016.08.09"]
[Round "4.90"]
[White "Doknjas, Neil"]
[Black "McNutt, William"]
[Result "0-1"]
[WhiteElo "1693"]
[BlackElo "1875"]
[PlyCount "136"]
[EventDate "2016.08.07"]
[EventType "swiss"]
[EventRounds "9"]
[EventCountry "CAN"]

1. e4 e6 2. d4 d5 3. Nc3 Nf6 4. Bg5 Bb4 5. exd5 Bxc3+ 6. bxc3 Qxd5 7. Bxf6 gxf6
8. Nf3 Qa5 9. Qd2 b6 10. g3 Bb7 11. Bg2 Nd7 12. O-O O-O-O 13. Qe3 h5 14. c4
Rdg8 15. h4 Qf5 16. c3 Re8 17. a4 a5 18. Ne1 Ba6 19. Be4 Qg4 20. Bf3 Qf5 21.
Be4 Qg4 22. Bf3 Qg6 23. Qe2 e5 24. d5 f5 25. Bg2 Qg4 26. Qxg4 fxg4 27. Nc2 Bxc4
28. Rfc1 Nc5 29. Ne3 Bd3 30. Bf1 Bxf1 31. Kxf1 Rh6 32. Nc4 e4 33. d6 Kb7 34.
Rcb1 Kc6 35. dxc7 Kxc7 36. Ne3 Rd8 37. Ra2 Rf6 38. c4 Rfd6 39. Kg2 Kb7 40. Nd5
Ka6 41. Nc7+ Kb7 42. Nd5 Re8 43. Kg1 Ree6 44. Kf1 Nd7 45. Nf4 Rh6 46. Nd5 Ne5
47. Rc2 Rc6 48. Rbc1 Rc5 49. Ke2 Nd3 50. Rb1 Rhc6 51. Ke3 Rxd5 52. Kxe4 Rdd6
53. Ke3 Nc5 54. Ke2 Nxa4 55. Kf1 Rd4 56. Re1 Rdxc4 57. Re7+ Ka6 58. Ra2 Nc5 59.
Rxf7 Nb7 60. Re2 Rc7 61. Rf6 R7c6 62. Rf8 a4 63. Rb2 Rc8 64. Rf6 R4c6 65. Rf5
Rh8 66. Rfb5 Nc5 67. R5b4 Kb7 68. Re4 Nxe4 0-1

[Event "NAYCC U12"]
[Site "Windsor CAN"]
[Date "2016.08.09"]
[Round "4.91"]
[White "Tanaka, Tyler"]
[Black "Liang, Justin"]
[Result "1-0"]
[WhiteElo "1620"]
[BlackElo "1853"]
[PlyCount "95"]
[EventDate "2016.08.07"]
[EventType "swiss"]
[EventRounds "9"]
[EventCountry "CAN"]

1. e4 c5 2. Nf3 e6 3. d4 cxd4 4. Nxd4 Nc6 5. c4 Qc7 6. Nc3 a6 7. Be3 Nf6 8. f4
d6 9. Be2 Be7 10. O-O Rb8 11. Bf3 Na5 12. b3 b5 13. Qd2 b4 14. Nce2 Bb7 15. Ng3
h5 16. Qd3 h4 17. Nh1 Ba8 18. Bd2 Nb7 19. Nf2 Nc5 20. Qe2 Qb6 21. e5 Nfd7 22.
Bxa8 Rxa8 23. exd6 Qxd6 24. Nf3 Qb6 25. Rae1 g6 26. Ne5 Nf6 27. Qf3 Rc8 28. Kh1
Kf8 29. Be3 Qc7 30. Bxc5 Bxc5 31. Ne4 Be7 32. Ng5 Qa7 33. Nexf7 Kg7 34. Nxh8
Rxh8 35. Qe3 Qxe3 36. Rxe3 Nh5 37. Rxe6 Bc5 38. Re5 Bb6 39. c5 Bd8 40. Re4 Bf6
41. c6 Rc8 42. Rc4 Kf8 43. Rd1 Ng7 44. c7 Ne8 45. Rd7 Be7 46. Re4 Bf6 47. Nh7+
Kg8 48. Rxe8+ 1-0

[Event "NAYCC U12"]
[Site "Windsor CAN"]
[Date "2016.08.09"]
[Round "4.92"]
[White "Zheng, Victor"]
[Black "Zhao, Jonathan"]
[Result "1-0"]
[WhiteElo "1852"]
[BlackElo "1650"]
[PlyCount "65"]
[EventDate "2016.08.07"]
[EventType "swiss"]
[EventRounds "9"]
[EventCountry "CAN"]

1. Nf3 d5 2. g3 Nf6 3. Bg2 Nbd7 4. d4 e6 5. O-O Bd6 6. c4 c6 7. Nc3 O-O 8. Re1
dxc4 9. e4 e5 10. a4 Qb6 11. a5 Qc7 12. Be3 c5 13. Nb5 Qc6 14. Nxd6 cxd4 15.
Bxd4 Qxd6 16. Bxe5 Qxd1 17. Raxd1 Nxe5 18. Nxe5 Be6 19. f4 Rad8 20. f5 Bc8 21.
Nxc4 Rfe8 22. e5 Rxd1 23. Rxd1 Ng4 24. Bf3 Nh6 25. Nd6 Rf8 26. Nxc8 Rxc8 27.
Bxb7 Rb8 28. Be4 Kf8 29. f6 Ke8 30. fxg7 Ke7 31. Bxh7 Ke6 32. Rd6+ Kxe5 33.
Rxh6 1-0

[Event "NAYCC U12"]
[Site "Windsor CAN"]
[Date "2016.08.09"]
[Round "4.93"]
[White "England, Max"]
[Black "Idnani, Taran"]
[Result "0-1"]
[WhiteElo "1607"]
[BlackElo "1826"]
[PlyCount "54"]
[EventDate "2016.08.07"]
[EventType "swiss"]
[EventRounds "9"]
[EventCountry "CAN"]

1. e4 c6 2. d4 d5 3. Nc3 dxe4 4. Nxe4 Bf5 5. Bd3 Bxe4 6. Bxe4 Nf6 7. Bf3 e6 8.
c3 Nbd7 9. Bf4 Be7 10. Ne2 Nd5 11. Bg3 N7f6 12. O-O Bd6 13. Qb3 Bxg3 14. Nxg3
Qb6 15. Qc2 O-O 16. Rfe1 Rac8 17. Qd2 Qc7 18. Nf1 Rfd8 19. c4 Ne7 20. Re5 Nf5
21. Qc3 Nxd4 22. Rg5 Qf4 23. Rg3 Ne4 24. Rg4 Nxc3 25. Rxf4 Nce2+ 26. Bxe2 Nxe2+
27. Kh1 Nxf4 0-1

[Event "NAYCC U12"]
[Site "Windsor CAN"]
[Date "2016.08.09"]
[Round "4.94"]
[White "Yeung, Wesley"]
[Black "Tsay, Vincent"]
[Result "1-0"]
[WhiteElo "1515"]
[BlackElo "1789"]
[PlyCount "129"]
[EventDate "2016.08.07"]
[EventType "swiss"]
[EventRounds "9"]
[EventCountry "CAN"]

1. e4 e6 2. d4 d5 3. e5 c5 4. c3 Qb6 5. a3 Nc6 6. Nf3 c4 7. Nbd2 Na5 8. Be2 Bd7
9. O-O Ne7 10. Re1 Nc8 11. Rb1 Qc7 12. Nf1 Nb6 13. Bg5 h6 14. Bh4 Na4 15. Qc1
Nb3 16. Qe3 b5 17. N3d2 Nxd2 18. Qxd2 Rc8 19. f4 a5 20. Bd1 Nb6 21. g4 Rb8 22.
Bc2 h5 23. g5 g6 24. Ne3 b4 25. axb4 axb4 26. Ng2 b3 27. Bd1 Ra8 28. Bf3 Ra2
29. Qe3 Na4 30. Re2 Qa5 31. Be1 Be7 32. Kh1 O-O 33. Qc1 Ra8 34. Rf2 Rxb2 35.
Rbxb2 Ba3 36. Qb1 Bxb2 37. Bxh5 gxh5 38. Qd1 Kf8 39. Qxh5 Ke7 40. Qh6 Be8 41.
f5 Kd7 42. fxe6+ fxe6 43. Qh7+ Kc6 44. g6 Bd7 45. g7 Ba3 46. g8=Q Rxg8 47. Qxg8
b2 48. Qb8 Qb6 49. Qa8+ Kc7 50. Rf7 b1=Q 51. Qxa4 Q1b5 52. Qxa3 Q6a5 53. Qd6+
Kc8 54. Rf8+ Be8 55. Qxe6+ Kb7 56. Rxe8 Qc6 57. Rb8+ Kxb8 58. Qxc6 Qa2 59. e6
Qe2 60. Qe8+ Kc7 61. Qf7+ Kc6 62. e7 Kd6 63. Bg3+ Kc6 64. e8=Q+ Kb6 65. Qb8+
1-0

[Event "NAYCC U12"]
[Site "Windsor CAN"]
[Date "2016.08.09"]
[Round "4.95"]
[White "Jeyakumar, Bhavatharshan"]
[Black "Somalwar, Anaiy"]
[Result "0-1"]
[WhiteElo "1390"]
[BlackElo "1755"]
[PlyCount "132"]
[EventDate "2016.08.07"]
[EventType "swiss"]
[EventRounds "9"]
[EventCountry "CAN"]

1. e4 c5 2. c3 d5 3. exd5 Qxd5 4. d4 e6 5. Nf3 Nf6 6. Be2 Nc6 7. O-O cxd4 8.
cxd4 Be7 9. Nc3 Qd8 10. Bf4 O-O 11. Re1 a6 12. Rc1 Qb6 13. Qd2 Rd8 14. Be3 Qa5
15. a3 Qc7 16. h3 Qd7 17. Rcd1 Qe8 18. Qc2 h6 19. Bc4 Nd5 20. Ne5 Nxe3 21. fxe3
Nxe5 22. dxe5 Bg5 23. Qf2 b5 24. Be2 Bb7 25. Bf3 Rxd1 26. Rxd1 Qb8 27. h4 Bxf3
28. gxf3 Be7 29. f4 Qb7 30. e4 Rc8 31. Kh2 Bxa3 32. Nxb5 axb5 33. bxa3 Qxe4 34.
Rd2 Rc1 35. Kg3 Rc3+ 36. Kh2 Rf3 37. Qd4 Qxf4+ 38. Qxf4 Rxf4 39. Rb2 Rxh4+ 40.
Kg3 Re4 41. Rxb5 Re3+ 42. Kf4 Rxa3 43. Rb8+ Kh7 44. Rb7 Kg6 45. Rb2 Ra4+ 46.
Ke3 Rg4 47. Rf2 h5 48. Kf3 Rg5 49. Re2 h4 50. Rh2 Kh5 51. Kf4 Rf5+ 52. Ke4 g5
53. Rh3 g4 54. Re3 h3 55. Re2 g3 56. Re1 g2 57. Re3 Kg4 58. Rxh3 Rf4+ 59. Kd3
Kxh3 60. Ke3 g1=Q+ 61. Kxf4 Qd4+ 62. Kf3 Qxe5 63. Kf2 Kg4 64. Kg2 Qe2+ 65. Kg1
Kh3 66. Kh1 Qd1# 0-1

[Event "NAYCC U12"]
[Site "Windsor CAN"]
[Date "2016.08.09"]
[Round "4.96"]
[White "Butchart, Kevin"]
[Black "Shi, William"]
[Result "0-1"]
[WhiteElo "1083"]
[BlackElo "1753"]
[PlyCount "144"]
[EventDate "2016.08.07"]
[EventType "swiss"]
[EventRounds "9"]
[EventCountry "CAN"]

1. e4 c5 2. c4 Nc6 3. Nf3 e6 4. d4 cxd4 5. Nxd4 Nf6 6. Nc3 Bb4 7. f3 Qa5 8. Bd2
Nxd4 9. a3 Be7 10. Nb5 Qb6 11. e5 Ng8 12. Be3 Nc2+ 13. Qxc2 Qxe3+ 14. Qe2 Qxe2+
15. Bxe2 Kf8 16. f4 a6 17. Nd6 Bxd6 18. exd6 Nf6 19. Bf3 Rb8 20. c5 b6 21. b4
Bb7 22. O-O Bxf3 23. Rxf3 bxc5 24. bxc5 Ne4 25. Rc1 Rc8 26. Rb3 Nxd6 27. Rb6
Ne4 28. c6 dxc6 29. Rbxc6 Rxc6 30. Rxc6 Ke7 31. Rxa6 Rd8 32. h3 Rd1+ 33. Kh2
Ra1 34. Ra8 Nd6 35. a4 Kd7 36. a5 Kc7 37. a6 Nb5 38. Rg8 Rxa6 39. Rxg7 Nd6 40.
Rxh7 Kd7 41. g4 Ra4 42. Kg3 Ke7 43. h4 Kf6 44. h5 Ra8 45. Kf3 Rg8 46. Kg3 Nf5+
47. Kh3 Ng7 48. Kh4 Ne8 49. g5+ Ke7 50. g6 Nd6 51. Kg5 Ne4+ 52. Kh4 Nd6 53. Kh3
Kf6 54. Rh6 fxg6 55. hxg6 Rxg6 56. Rh5 Nf5 57. Kh2 Rh6 58. Rxh6+ Nxh6 59. Kg3
Kf5 60. Kf3 Ng4 61. Kg3 Ne3 62. Kf3 Nd5 63. Ke2 Nxf4+ 64. Kd1 Ke4 65. Ke1 e5
66. Kd1 Kd3 67. Ke1 e4 68. Kd1 e3 69. Kc1 e2 70. Kb1 e1=Q+ 71. Ka2 Kc2 72. Ka3
Qa5# 0-1

[Event "NAYCC U12"]
[Site "Windsor CAN"]
[Date "2016.08.09"]
[Round "4.97"]
[White "Hawthorn, Henry"]
[Black "Thirumalai, Atul"]
[Result "1-0"]
[WhiteElo "1486"]
[BlackElo "1543"]
[PlyCount "59"]
[EventDate "2016.08.07"]
[EventType "swiss"]
[EventRounds "9"]
[EventCountry "CAN"]

1. d4 d5 2. c4 e5 3. dxe5 d4 4. Nf3 Nc6 5. g3 Be6 6. b3 Qd7 7. Bb2 O-O-O 8.
Nbd2 Nge7 9. Bg2 Ng6 10. O-O Ngxe5 11. Nxe5 Nxe5 12. Re1 h5 13. Nf3 Nxf3+ 14.
Bxf3 h4 15. Qd3 Bg4 16. Bg2 hxg3 17. fxg3 Bc5 18. b4 Be7 19. c5 c6 20. b5 Qc7
21. bxc6 bxc6 22. Rab1 Bg5 23. Bxd4 Rhe8 24. Qa6+ Kd7 25. Rb7 Qxb7 26. Qxb7+
Ke6 27. Bxc6 Re7 28. Qb3+ Kf5 29. Qb1+ Ke6 30. Qe4# 1-0

[Event "NAYCC U12"]
[Site "Windsor CAN"]
[Date "2016.08.09"]
[Round "4.98"]
[White "Li, Jack"]
[Black "Omichi, Haruaki"]
[Result "1-0"]
[WhiteElo "1511"]
[BlackElo "1071"]
[PlyCount "55"]
[EventDate "2016.08.07"]
[EventType "swiss"]
[EventRounds "9"]
[EventCountry "CAN"]

1. e4 c5 2. c3 d5 3. exd5 Qxd5 4. d4 cxd4 5. cxd4 Nc6 6. Nf3 Bg4 7. Be2 e6 8.
h3 Bh5 9. Nc3 Qd7 10. d5 exd5 11. Qxd5 Qxd5 12. Nxd5 O-O-O 13. Nc3 Nf6 14. Be3
Bb4 15. O-O h6 16. Rac1 Kb8 17. Nb5 a6 18. Bf4+ Ka8 19. Nc7+ Ka7 20. Be3+ Kb8
21. Nxa6+ bxa6 22. Rxc6 a5 23. Rb6+ Kc7 24. Bb5 Rc8 25. Rd1 Bg6 26. a3 Be7 27.
Ne5 Be4 28. Rc1+ 1-0

[Event "NAYCC U12"]
[Site "Windsor CAN"]
[Date "2016.08.09"]
[Round "4.99"]
[White "Huang, Andrew"]
[Black "Bhanji, Areez"]
[Result "1-0"]
[WhiteElo "1754"]
[BlackElo "1135"]
[PlyCount "77"]
[EventDate "2016.08.07"]
[EventType "swiss"]
[EventRounds "9"]
[EventCountry "CAN"]

1. e4 c5 2. Nf3 g6 3. d4 cxd4 4. Nxd4 Bg7 5. Nc3 Nc6 6. Be3 Nf6 7. Bc4 O-O 8.
Bb3 Na5 9. f3 Nxb3 10. Nxb3 b6 11. Qd2 Bb7 12. O-O-O Rc8 13. Bh6 a6 14. Bxg7
Kxg7 15. h4 b5 16. e5 Ng8 17. h5 Bc6 18. hxg6 fxg6 19. Rh4 Qe8 20. Rdh1 h5 21.
Qg5 Rf5 22. Qg3 d6 23. Rxh5 Rxh5 24. Rxh5 dxe5 25. Rxe5 Qf7 26. Nd4 Bd7 27. a3
Nf6 28. f4 Ne8 29. Qg5 e6 30. g4 Nd6 31. Nd5 Re8 32. Nc7 Rc8 33. Ncxe6+ Bxe6
34. Rxe6 Re8 35. Rxd6 Re4 36. Nf5+ Kh7 37. Qh6+ Kg8 38. Rd8+ Re8 39. Rxe8+ 1-0

[Event "NAYCC U12"]
[Site "Windsor CAN"]
[Date "2016.08.09"]
[Round "4.100"]
[White "Wang, Kevin"]
[Black "Ouyang, Nathan"]
[Result "0-1"]
[WhiteElo "1158"]
[BlackElo "1693"]
[PlyCount "72"]
[EventDate "2016.08.07"]
[EventType "swiss"]
[EventRounds "9"]
[EventCountry "CAN"]

1. d4 d5 2. c4 e6 3. Nf3 Nf6 4. Nc3 Be7 5. g3 b6 6. Bg2 Bb7 7. O-O O-O 8. Bf4
c5 9. cxd5 exd5 10. e3 c4 11. Ne5 h6 12. Rc1 g5 13. Ng4 gxf4 14. Nxf6+ Bxf6 15.
Qg4+ Bg7 16. exf4 Nd7 17. Nxd5 Bxd5 18. Bxd5 Nf6 19. Bxf7+ Rxf7 20. Qf3 Rc8 21.
Rfd1 Nd5 22. Qe2 Rfc7 23. Qe6+ Kh8 24. Re1 Re7 25. Qg6 Rxe1+ 26. Rxe1 Qf6 27.
Re8+ Rxe8 28. Qxe8+ Qf8 29. Qd7 Nf6 30. Qxa7 Qb4 31. d5 Qxb2 32. d6 Qb5 33.
Qb8+ Kh7 34. a4 Qxa4 35. Qxb6 c3 36. Qb1+ c2 0-1

[Event "NAYCC U12"]
[Site "Windsor CAN"]
[Date "2016.08.09"]
[Round "4.101"]
[White "Singh, Hersh"]
[Black "Renard, Christopher"]
[Result "1-0"]
[WhiteElo "1506"]
[BlackElo "799"]
[PlyCount "63"]
[EventDate "2016.08.07"]
[EventType "swiss"]
[EventRounds "9"]
[EventCountry "CAN"]

1. e4 e5 2. Nf3 Nc6 3. d4 exd4 4. Nxd4 Nxd4 5. Qxd4 c5 6. Qd3 Nf6 7. Be2 d5 8.
e5 c4 9. Qf3 Bg4 10. Qe3 d4 11. Qf4 Bxe2 12. exf6 gxf6 13. Qe4+ Be7 14. Qxe2 d3
15. cxd3 cxd3 16. Qf3 Rc8 17. O-O Rc2 18. Nd2 Bb4 19. Qe4+ Qe7 20. Qxd3 Bxd2
21. Qxc2 Ba5 22. Qa4+ Kd8 23. Qxa5+ Kc8 24. Qxa7 Re8 25. Bf4 f5 26. Rad1 Qc7
27. Bxc7 Kxc7 28. Qc5+ Kb8 29. Rd7 Rc8 30. Qb6 Rc7 31. Qxc7+ Ka8 32. Qxb7# 1-0

[Event "NAYCC U12"]
[Site "Windsor CAN"]
[Date "2016.08.09"]
[Round "4.102"]
[White "Nath, Naveen"]
[Black "Cyrenne, Cole"]
[Result "1-0"]
[WhiteElo "1481"]
[BlackElo "922"]
[PlyCount "106"]
[EventDate "2016.08.07"]
[EventType "swiss"]
[EventRounds "9"]
[EventCountry "CAN"]

1. e4 c5 2. Nf3 Nc6 3. d4 e6 4. Be2 d5 5. exd5 exd5 6. O-O b6 7. Re1 Nge7 8.
Bb5 Bd7 9. Bxc6 Bxc6 10. Ne5 Qd6 11. Qf3 f6 12. Nxc6 Qxc6 13. c3 cxd4 14. cxd4
Qc4 15. Qc3 Rc8 16. Bd2 Qxc3 17. Nxc3 Rd8 18. Nb5 a5 19. Nc7+ Kf7 20. Rac1 g5
21. Nb5 h5 22. g3 Kg6 23. f3 h4 24. g4 f5 25. Re6+ Kf7 26. gxf5 Nxf5 27. Rxb6
Bg7 28. Rc7+ Kf8 29. Rbb7 Bxd4+ 30. Nxd4 Nxd4 31. Rf7+ Kg8 32. Bxg5 Rd6 33.
Rfc7 Ne6 34. Rc8+ Nf8 35. Be7 Kf7 36. Bxd6+ Ke6 37. Rxf8 Rxf8 38. Bxf8 d4 39.
Bh6 Kf5 40. Ra7 Kg6 41. Bc1 d3 42. Rxa5 d2 43. Bxd2 Kf6 44. Rc5 Ke6 45. a4 Kd6
46. Be3 Ke6 47. a5 Kd6 48. a6 Ke6 49. a7 Kd6 50. a8=Q Ke6 51. Qc6+ Ke7 52. Ra5
h3 53. Ra7+ Kd8 1-0

[Event "NAYCC U12"]
[Site "Windsor CAN"]
[Date "2016.08.09"]
[Round "4.103"]
[White "Damarla, Rishi"]
[Black "Laurrabaquio Ramirez, Bryan Rica"]
[Result "1-0"]
[WhiteElo "1065"]
[BlackElo "1480"]
[PlyCount "93"]
[EventDate "2016.08.07"]
[EventType "swiss"]
[EventRounds "9"]
[EventCountry "CAN"]

1. e4 g6 2. Nf3 Bg7 3. Be2 e6 4. O-O Ne7 5. Nc3 O-O 6. d3 Re8 7. Be3 Nbc6 8.
Qd2 d5 9. exd5 exd5 10. d4 Nf5 11. Rad1 Nxe3 12. fxe3 Bg4 13. h3 Bxf3 14. Bxf3
Qg5 15. Rfe1 Rad8 16. Qf2 Bh6 17. e4 dxe4 18. Nxe4 Qf5 19. c3 Qc8 20. Nf6+ Kf8
21. Rxe8+ Rxe8 22. Nxe8 Kxe8 23. Bxc6+ bxc6 24. Re1+ Kf8 25. Qh4 Kg7 26. Qe4
Qd7 27. Qe5+ Kg8 28. Qe8+ Qxe8 29. Rxe8+ Kg7 30. Re7 Bf4 31. Kf2 Kf6 32. Re8
Bc1 33. Ra8 Bxb2 34. Rxa7 Bxc3 35. Ke3 c5 36. dxc5 Be5 37. a4 Ke6 38. a5 Kd5
39. Kd3 Kxc5 40. a6 Kb6 41. Ra8 h5 42. a7 Kb7 43. Re8 Kxa7 44. Rxe5 Kb6 45. Kc4
Kc6 46. Re7 Kd6 47. Rxf7 1-0

[Event "NAYCC U12"]
[Site "Windsor CAN"]
[Date "2016.08.09"]
[Round "4.104"]
[White "Ge, Jared"]
[Black "Dong, Leo"]
[Result "0-1"]
[WhiteElo "1405"]
[BlackElo "784"]
[PlyCount "142"]
[EventDate "2016.08.07"]
[EventType "swiss"]
[EventRounds "9"]
[EventCountry "CAN"]

1. e4 c5 2. Nf3 d6 3. d4 cxd4 4. Nxd4 Nf6 5. Nc3 g6 6. Be3 Bg7 7. Bc4 O-O 8. f3
Nc6 9. Qd2 Bd7 10. O-O-O Na5 11. Bd3 Rb8 12. h4 a6 13. g4 b5 14. a3 Nc4 15.
Bxc4 bxc4 16. h5 Qb6 17. Nb3 Qb7 18. hxg6 fxg6 19. Bh6 cxb3 20. cxb3 Qxb3 21.
Bxg7 Kxg7 22. Rh2 Rfc8 23. Qc2 Qxc2+ 24. Kxc2 Ba4+ 25. Kc1 Bxd1 26. Kxd1 e6 27.
Rd2 d5 28. exd5 exd5 29. Nxd5 Nxd5 30. Rxd5 Rxb2 31. Rd7+ Kh6 32. f4 Rb1+ 33.
Kd2 g5 34. f5 Rcc1 35. Rd6+ Kg7 36. Rxa6 Ra1 37. Ra7+ Kg8 38. Ra8+ Kf7 39. Ra7+
Kf6 40. Rxh7 Rg1 41. Rh6+ Kg7 42. Rg6+ Kf7 43. Rc6 Rxa3 44. Rc7+ Kf6 45. Rc6+
Kf7 46. Rc7+ Ke8 47. Rc8+ Kd7 48. Rc2 Rg2+ 49. Kd1 Rxc2 50. Kxc2 Ra6 51. Kd3
Ra4 52. Ke3 Rxg4 53. Kf3 Rf4+ 54. Kg3 Rxf5 55. Kg4 Ra5 56. Kh5 Ke6 57. Kg6 Rf5
58. Kh5 g4+ 59. Kxg4 Ke5 60. Kg3 Rf4 61. Kg2 Ke4 62. Kg3 Ke3 63. Kg2 Rf3 64.
Kh1 Rf8 65. Kg2 Rf4 66. Kg3 Ke4 67. Kg2 Rf3 68. Kh1 Ke3 69. Kg2 Ke2 70. Kh2 Kf1
71. Kh1 Rh3# 0-1

[Event "NAYCC U12"]
[Site "Windsor CAN"]
[Date "2016.08.09"]
[Round "4.106"]
[White "Kapoor, Arjun"]
[Black "Li, Si"]
[Result "0-1"]
[WhiteElo "590"]
[BlackElo "1366"]
[PlyCount "48"]
[EventDate "2016.08.07"]
[EventType "swiss"]
[EventRounds "9"]
[EventCountry "CAN"]

1. d4 Nf6 2. e3 d5 3. Bd3 c6 4. Nf3 e6 5. Nbd2 c5 6. b3 cxd4 7. exd4 Nc6 8. Qe2
Bd6 9. Bb2 Nb4 10. Ba3 Nxd3+ 11. Qxd3 Bxa3 12. Qb5+ Qd7 13. Qxd7+ Bxd7 14. c4
Be7 15. cxd5 exd5 16. O-O O-O 17. Ne5 Rfe8 18. Nxd7 Nxd7 19. Rac1 Rac8 20. Rxc8
Rxc8 21. Re1 Bb4 22. Re7 Bxd2 23. g3 Rd8 24. Re2 Bh6 0-1